| 000 | 00395nam a2200145Ia 4500 | ||
|---|---|---|---|
| 005 | 20260430133752.0 | ||
| 008 | 260429s9999||||xx |||||||||||||| ||und|| | ||
| 020 | _a9780521285438 | ||
| 082 |
_a821.009 _bHAR |
||
| 100 | _aHarding, D. W. | ||
| 245 | 0 |
_aExperience into words / _cD. W. Harding |
|
| 260 |
_aCambridge : _bCambridge University Press, _c1963. |
||
| 300 | _a199 p.; pbk | ||
| 942 | _cTB | ||
| 999 |
_c53913 _d53913 |
||